Použitie ultrazvuku pri spracovaní lignocelulózových surovín
Saved in:
| Main Author: | |
|---|---|
| Other Authors: | |
| Format: | Manuscript Book |
| Language: | Slovak |
| Published: |
2015
|
| Subjects: | |
| Online Access: | http://is.stuba.sk/zp/portal_zp.pl?podrobnosti=113203 |
| Tags: |
No Tags, Be the first to tag this record!
|
MARC
| LEADER | 00000ntm a22000003a 4500 | ||
|---|---|---|---|
| 001 | stuzp51507 | ||
| 003 | SK-STU | ||
| 005 | 20160719153858.5 | ||
| 007 | ta | ||
| 008 | 150427s2015----xo-----f-mn---000-0-slo-d | ||
| 040 | |a STU |b slo | ||
| 041 | 0 | |a slo | |
| 100 | 1 | |a Straková, Mária, |d 1990- |u 049380 |4 aut |U FCHPT Ústav prírodných a syntetických polymérov |T FCHPT Oddelenie dreva, celulózy a papiera |X 43398 |U C9380 |Y 129 |7 A0000043398 | |
| 242 | 0 | 1 | |a Application of ultrasound for treatment of lignocellulosic raw-materials |y eng |
| 245 | 1 | 0 | |a Použitie ultrazvuku pri spracovaní lignocelulózových surovín |
| 260 | |c 2015 | ||
| 650 | 4 | |a delignifikácia |2 slo | |
| 650 | 4 | |a hlboké eutektické rozpúšťadlá |2 slo | |
| 650 | 4 | |a ultrazvuk |2 slo | |
| 650 | 4 | |a pšeničná slama |2 slo | |
| 650 | 4 | |a ultrasound |2 eng | |
| 650 | 4 | |a wheat straw |2 eng | |
| 650 | 4 | |a deep eutectic solvents |2 eng | |
| 650 | 4 | |a delignification |2 eng | |
| 700 | 1 | |a Vrška, Milan, |d 1950- |4 ths |X 3904 |7 A000003904 | |
| 856 | 4 | |u http://is.stuba.sk/zp/portal_zp.pl?podrobnosti=113203 | |
| SQL | |a stuzp51507 |b DDP |c SLO |d Použitie ultrazvuku pri spracovaní lignocelulózových surovín |e 43398 |f Straková, Mária |g 049380 |h 3904 |i Vrška, Milan |j 20150609 |k 542 |l 04 |m http://is.stuba.sk/zp/portal_zp.pl?podrobnosti=113203 |n I-PSP |o 5.2.18. chemické technológie | ||